000 00447nam a22001577a 4500
003 NUST
038 _asaima
082 _a004
_bMCS
100 _aSajid, Asma
_935151
245 _aLinked Data Portal for E-Government Resources of Pakistan /
260 _aIslamabad :
_bMCS - NUST,
_c2013
300 _a75 p. ;
_c30cm.
650 _aComputer Software Engineering-Linked Data Portal
_935152
700 _aDr. Hammad Afzal
_935034
942 _2ddc
_cTHE
999 _c540880
_d540880